000 00267nam a22001217a 4500
008 180604b xxu||||| |||| 00| 0 eng d
041 _aeng
080 _a043.3
100 _a0
101 _aSHKI-BA
245 _aEuroby Management Suite
_cMurati, A
942 _2udc
_cBK
999 _c46271
_d46271